000 00306nam a22001337a 4500
008 181030b xxu||||| |||| 00| 0 eng d
020 _a9781402064067
041 _aeng
080 _a101
100 _a24
101 _aFIL
245 _aPlatonism at the Origins of Modernity
_cHedley, D
942 _2udc
_cBK
999 _c51149
_d51149